000 00349nam a22001457a 4500
003 macl
005 20221207124155.0
008 221207b |||||||| |||| 00| 0 eng d
040 _cmacl
082 _a300
100 _a दृष्टि The vision.
_981594
245 _aSocial - Justic 2020 Notes [20] 2020
650 _aLaw
942 _2ddc
_cHIN
999 _c65718
_d65718